000 00621nam a2200253Ia 4500
005 20260121155300.0
008 008 260114s9999 xx 000 0 eng d
020 _a9781003033721
037 _aEBOOK
040 _aCRL
040 _beng
040 _cCRL
041 _2eng
041 _aeng
084 _qCRL
100 _a Jo Carby-Hall; Lourdes Mella M‚ndez
_91017616
245 0 _aLabour Law and the Gig Economy
260 _bTaylor and Francis
260 _c2020
856 _uhttp://www.taylorfrancis.com/books/9781003033721
942 _cEBOOK
999 _c1584435
_d1584435